00501cam a2200157 a 4500020003600000040000800036082002600044100002400070245008600094260005300180300003400233650001700267650002100284650001700305650002100322 a0801432154 (cloth : alk. paper) cDLC00a338 COR 1996 A074 Or.1 aVogel, Steven Kent.10aFreer markets, more rules :bregulatory reform in advanced industrial countries / aIthaca, N.Y. :bCornell University Press,c1996. axii, 296 p. :bill. ;c25 cm. 0aDeregulation 0aTrade regulation 0aDeregulation 0aTrade regulation